30 Rock - Statistics

General Stats
  • This quiz has been taken 497 times
  • The average score is 9 of 15
Answer Stats
Hint Answer % Correct
What is Liz's last name? Lemon
100%
In what country was Avery kidnapped? North Korea
80%
Who did Jack have a baby with? Avery
76%
Who played Liz's boyfriend Carol Burnett? Matt Damon
75%
What does TGS stand for? The Girlie Show
74%
What college did Jack attend? Princeton
68%
What was Tracy trying to acheive? egot
67%
Who had a relationship with their teacher? Frank
67%
Who did Jenna have a fake relationship with? James Franco
57%
Who was the head of GE? Don Geiss
48%
Where was Tracy when he said he was in Africa? Liz's apartment
45%
What is Jack's biological fathers name? Milton Greene
30%
What song was performed at the end of season 3 in support of Jack's father? Kidney Now
27%
What is Toofer's actual name on the show? James Spurlock
25%
What was Dennis known as? The Beeper King
22%
No matching quizzes found
Score Distribution
Percent of People with Each Score
Percentile by Number Answered
Your Score History
You have not taken this quiz